| 000 | 00784cab a22002055a 4500 | ||
|---|---|---|---|
| 001 | L151337 | ||
| 008 | 101025s2010 xxkd f s 000 0 eng d | ||
| 035 | _a(Sirsi) u151337 | ||
| 041 | 0 | _aeng | |
| 100 | 1 | _aAtkinson, Andrew R. | |
| 245 | 0 | 4 | _aThe relationship between integrated design and construction and safety on construction projects |
| 260 | _c2010 | ||
| 490 |
_aConstruction Management and Economics _v(28) July-September 2010, 1007-1017(10) |
||
| 520 | _aConsiders design and construction integration as a key element in improved safety; levels of communication; global overview with research data from 55 large construction projects in the UK. | ||
| 590 | _aKA | ||
| 651 | 4 | _aInternational | |
| 690 |
_aProcurement _96260 |
||
| 700 | 1 | _aWestall, Rebecca | |
| 942 | _n0 | ||
| 999 |
_c82775 _d82775 |
||